000 00685nam a22002417a 4500
003 UA-OsUOA
001 78236
007 ta
008 20111004b un ||||| |||| 00| 0 ukr d
100 _aЮхновський І.Р.
090 _a323.2(477)"1990/2010"
_bЮ94
942 _cBK
040 _aUA-OsUOA
_bukr
_cUA-OsUOA
_dUA-OsUOA
245 _aВибрані праці. Політика
300 _a566 с.
955 _a1
041 _aukr
080 _a323.2(477)"1990/2010"
020 _a978-966-553-954-4
260 _aЛьвів
_bВид-во Львівської політехніки
_c2010
650 7 _a32 Політика
_2UDC
999 _c364548
_d364548